000 00436nam a2200157 a 4500
005 20140412111247.0
008 010327s19uu xx 00 eng d
020 _a0-590-35604-6
050 _aTR(GS 372.4
_bW158 1990
100 _aWalling, Elaine
245 _aRead and think F :
_bthe myth of icarus /
_cby Elaine Walling.
260 _aNew York :
_bScholastic Inc,
_c1990.
300 _a32 p.
650 _aReading
999 _c102997
_d102997